00643nam a2200145Ia 4500008004100000100002300041245009700064245010600161260005300267260000900320650001500329856006100344999001900405952007300424170221s9999 xx 000 0 und d aDmitry V. Shkurkin 4aThe Republic of Kazakhstan in the System of International Regional Integration Associations  cDmitry V. Shkurkin, Sergey V. Ryazantsev, Nikolay P. Gusakov, Inna V. Andronova, Viktoriya V. Bolgova bInternational Review of Management and Marketing c2012 xMarketing. uhttp://www.econjournals.com/index.php/irmm/issue/view/86 c310491d310491 001040aCLbCLd2017-02-21l0r2017-02-21 00:00:00w2017-02-21yFOJ